Recovering key strategic concepts in Indias climate policy (Record no. 66542)

MARC details
000 -LEADER
fixed length control field 00446nam a2200169Ia 4500
100 ## - MAIN ENTRY--AUTHOR NAME
Personal name Dubash N K
245 #0 - TITLE STATEMENT
Title Recovering key strategic concepts in Indias climate policy
260 ## - PUBLICATION, DISTRIBUTION, ETC. (IMPRINT)
Name of publisher Economic and Political Weekly
Year of publication 2016
300 ## - PHYSICAL DESCRIPTION
Number of Pages 127-129
650 ## - SUBJECT ADDED ENTRY--TOPICAL TERM
Topical Term Climate change
650 ## - SUBJECT ADDED ENTRY--TOPICAL TERM
Topical Term Climate policy
650 ## - SUBJECT ADDED ENTRY--TOPICAL TERM
Topical Term India
650 ## - SUBJECT ADDED ENTRY--TOPICAL TERM
Topical Term Paris Agreement
700 ## - ADDED ENTRY--PERSONAL NAME
Personal name Khosla R
942 ## - ADDED ENTRY ELEMENTS (KOHA)
Koha item type Journals
Holdings
Withdrawn status Lost status Damaged status Not for loan Home library Current library Shelving location Date acquired Serial Enumeration / chronology Koha item type
      Journals RRII Library RRII Library Climate change 01/01/2021 Volume LI, Issue 24 Journals